00831 a2200229 4500003000500000005001700005010001600022020002200038040000900060082001200069100001700081245006200098260004800160300003700208505015700245650003500402651001300437700002000450942001200470999001900482952010000501Nust20170207154023.0 a 96026711 a0135653916 (pbk.) cNust00a621.3821 aGlover, Ian,10aDigital communications (E-Book)cIan Glover, Peter Grant. aLondon ;aNew York :bPrentice Hall,c1998. axxxiii, 734 p. :bill. ;c24 cm. aPart 1:- Signals and System Theory (Page-19) Part 2:- Digital Communications Principles (Page-167) Part 3:- Applications (Page-519) Networks (Page-639)  0aTelecommunication engineering. a(E-Book)1 aGrant, Peter M. 2ddccBK c191752d191752 00102ddc40708NFICaMCSbMCSd2016-12-12l0o621.382pMCSEB-1112r2016-12-08w2016-12-12yBK